|
|
|
|
| LEADER |
00000nab a2200000 a 4500 |
| 001 |
vtls000875049 |
| 003 |
SK-MaSNL |
| 005 |
20260304121330.0 |
| 008 |
250429c2004 xo 0 slo |
| 015 |
|
|
|a SNBRB2004/06-17461
|
| 035 |
|
|
|a CLN000226601
|
| 035 |
|
|
|a urn:nbn:sk:snk-abslv
|
| 035 |
|
|
|a (urnnbn)urn:nbn:sk:snk:ar-a004yv
|
| 035 |
|
|
|a (uuid)428748d3-028b-4111-947d-e945d19ad1ea
|
| 040 |
|
|
|a SNKBUCL
|b slo
|c SNKBUCL
|e AACR2
|
| 041 |
0 |
|
|a slo
|
| 044 |
|
|
|a xo
|c SK
|
| 080 |
|
|
|a 638.141.44(437.6):619
|2 1997
|
| 100 |
1 |
|
|a Blecha, Jozef,
|d 1939-
|4 aut
|9 105954
|
| 245 |
1 |
0 |
|a Zásady kočovania za znáškou v roku 2004
|c Jozef Blecha
|
| 300 |
|
|
|b Fotogr.
|
| 650 |
0 |
7 |
|a kočovné včelárstvo
|2 SNKPH
|9 99383
|
| 655 |
|
7 |
|a články z novín a časopisov
|2 SNK
|9 267496
|
| 773 |
0 |
|
|t Včelár
|g Roč. 78, č. 4 (2004), s. 55
|x 0139-6064
|
| 850 |
|
|
|a Slovenská národná knižnica
|
| 852 |
|
|
|a Slovenská národná knižnica
|
| 954 |
|
|
|a odborná, vedecká literatúra pôvodná (slovenská)
|2 lita
|
| 958 |
|
|
|a article27
|
| 958 |
|
|
|a OND
|
| 958 |
|
|
|a SK
|
| 958 |
|
|
|a EUIPO
|
| 992 |
|
|
|a RBX
|
| 999 |
|
|
|c 2884549
|d 2886479
|